[Event "Quebec-ch f"]
[Site "Montreal CAN"]
[Date "2025.01.12"]
[Round "5.5"]
[White "Bernales Leiva, Mariana"]
[Black "Herrera, Wylene"]
[Result "0-1"]
[WhiteElo "804"]
[BlackElo "1569"]
[WhiteFideId "-1"]
[WhiteFideId "-1"]
[PlyCount "66"]
[GameId "2135540189768362"]
[EventDate "2025.01.10"]
[EventType "swiss"]
[EventRounds "5"]
[EventCountry "CAN"]

1. d4 c5 2. dxc5 Qa5+ 3. Bd2 Qxc5 4. Nf3 Nf6 5. Nc3 e6 6. g3 d5 7. Na4 Qc7 8. Bg2 b5 9. Nc3 b4 10. Na4 Bd7 11. b3 Be7 12. O-O Bc6 13. Rc1 Nbd7 14. Re1 Rc8 15. c3 Bxa4 16. bxa4 bxc3 17. Qc2 Ne4 18. Be3 O-O 19. Rb1 f5 20. Bf4 e5 21. Bc1 g5 22. h3 Nb6 23. a5 Nc4 24. a6 Rb8 25. Rd1 Qc5 26. Rb7 Qxf2+ 27. Kh2 Qxg3+ 28. Kg1 Bc5+ 29. Nd4 exd4 30. Qb1 d3+ 31. Kh1 Nf2+ 32. Kg1 Nxd1+ 33. Kf1 Qf2# 0-1

[Event "Royal City Masters"]
[Site "Guelph CAN"]
[Date "2025.08.01"]
[Round "1.1"]
[White "Kantans, Toms"]
[Black "Cummings, David"]
[Result "1-0"]
[WhiteElo "2515"]
[BlackElo "2252"]
[WhiteFideId "-1"]
[WhiteFideId "-1"]
[PlyCount "97"]
[GameId "2206197120876544"]
[EventDate "2025.08.01"]
[EventType "swiss"]
[EventRounds "9"]
[EventCountry "CAN"]

1. e4 e5 2. Bc4 Nf6 3. d3 c6 4. Nf3 d5 5. Bb3 Bd6 6. exd5 cxd5 7. O-O O-O 8. Nc3 d4 9. Nb5 Nc6 10. Nxd6 Qxd6 11. Re1 Be6 12. Ba4 Rac8 13. h3 h6 14. Bxc6 Qxc6 15. Rxe5 Rfd8 16. Ne1 Rd5 17. Rxd5 Bxd5 18. Bd2 Re8 19. c4 Rxe1+ 20. Qxe1 Bxg2 21. Qe2 Bxh3 22. f3 Bf5 23. Kf2 Qd6 24. Rh1 Kh7 25. Rh4 Nd7 26. b4 Qf6 27. Re4 Bxe4 28. Qxe4+ Qg6 29. Qxd4 Nf6 30. Bf4 a6 31. Be5 Nh5 32. b5 axb5 33. cxb5 Qe6 34. a4 f6 35. Bb8 Qa2+ 36. Ke3 f5 37. Qd7 f4+ 38. Kd4 Qf2+ 39. Kc3 Qxf3 40. Qf5+ Kg8 41. Be5 Qd1 42. Kb4 b6 43. Bd4 Qb1+ 44. Ka3 Qc1+ 45. Bb2 Qd1 46. a5 bxa5 47. b6 Qd2 48. Qe6+ Kh7 49. Qe4+ 1-0

[Event "Royal City Masters"]
[Site "Guelph CAN"]
[Date "2025.08.01"]
[Round "1.2"]
[White "Polacek, Jozef"]
[Black "Sheng, Joshua"]
[Result "0-1"]
[WhiteElo "2240"]
[BlackElo "2480"]
[WhiteFideId "-1"]
[WhiteFideId "-1"]
[PlyCount "114"]
[GameId "2207581654588474"]
[EventDate "2025.08.01"]
[EventType "swiss"]
[EventRounds "9"]
[EventCountry "CAN"]

1. e4 e5 2. Nf3 Nc6 3. Bb5 Nge7 4. O-O Ng6 5. c3 d5 6. d4 dxe4 7. Nxe5 Ngxe5 8. dxe5 Qxd1 9. Rxd1 Bd7 10. Bf4 Nxe5 11. Bxd7+ Nxd7 12. Bxc7 Nc5 13. Nd2 Rc8 14. Bg3 f5 15. Nb3 Nd3 16. Rd2 Be7 17. Rad1 O-O 18. f3 Bd8 19. fxe4 fxe4 20. Re2 Bb6+ 21. Nd4 Nxb2 22. Rxb2 Rxc3 23. Rxb6 axb6 24. Ne6 Re8 25. Nf4 Rc2 26. a4 Ra2 27. h4 e3 28. Re1 Rxa4 29. Nd5 Ra3 30. Bf4 e2 31. Kf2 Rd3 32. Ne3 Rd2 33. g3 b5 34. Rxe2 Red8 35. Rxd2 Rxd2+ 36. Kf3 b4 37. Nc4 Rc2 38. Ne3 Rc5 39. Nd1 b3 40. Ke3 Rc1 41. Nb2 Rc2 42. Be5 g6 43. Nd3 Kf7 44. g4 Ke6 45. Bb2 Rh2 46. Kf4 Kd5 47. Bf6 Kc4 48. Nb2+ Kb4 49. Kg5 Ka3 50. Nd3 Rg2 51. Nf4 b2 52. Bxb2+ Rxb2 53. Nxg6 hxg6 54. Kxg6 Rh2 55. h5 b5 56. h6 b4 57. g5 b3 0-1

[Event "Royal City Masters"]
[Site "Guelph CAN"]
[Date "2025.08.01"]
[Round "1.3"]
[White "Preotu, Razvan"]
[Black "Kaufman, Raymond"]
[Result "1-0"]
[WhiteElo "2478"]
[BlackElo "2239"]
[WhiteFideId "-1"]
[WhiteFideId "-1"]
[PlyCount "41"]
[GameId "2207591035599947"]
[EventDate "2025.08.01"]
[EventType "swiss"]
[EventRounds "9"]
[EventCountry "CAN"]

1. Nf3 Nf6 2. c4 c5 3. Nc3 Nc6 4. d4 cxd4 5. Nxd4 e6 6. e4 Bb4 7. Nxc6 dxc6 8. Qxd8+ Kxd8 9. e5 Nd7 10. Bf4 Bxc3+ 11. bxc3 Kc7 12. h4 Nc5 13. h5 h6 14. Rh3 Bd7 15. Rd1 Rad8 16. Rd4 Kc8 17. Rg3 Rdg8 18. Be3 Na4 19. Rdg4 Nxc3 20. Bxa7 Nxa2 21. c5 1-0

[Event "Royal City Masters"]
[Site "Guelph CAN"]
[Date "2025.08.01"]
[Round "1.4"]
[White "Moses, Neil"]
[Black "Noritsyn, Nikolay"]
[Result "0-1"]
[WhiteElo "2234"]
[BlackElo "2462"]
[WhiteFideId "-1"]
[WhiteFideId "-1"]
[PlyCount "58"]
[GameId "2207592457223251"]
[EventDate "2025.08.01"]
[EventType "swiss"]
[EventRounds "9"]
[EventCountry "CAN"]

1. e4 c5 2. Nf3 d6 3. d4 cxd4 4. Nxd4 Nf6 5. Nc3 a6 6. Be3 e6 7. f3 b5 8. a3 Bb7 9. g4 Nfd7 10. Qd2 Nb6 11. Qf2 N8d7 12. O-O-O Rc8 13. h4 Rxc3 14. bxc3 Qc7 15. Bd3 d5 16. Ne2 Bxa3+ 17. Kd2 O-O 18. Ke1 Na4 19. exd5 Bxd5 20. Kf1 Qb7 21. Rh3 Ne5 22. Ng1 Nxc3 23. Re1 Nxd3 24. cxd3 b4 25. Bd4 Nb5 26. Bb2 Bxb2 27. Qxb2 a5 28. h5 f6 29. h6 g6 0-1

[Event "Royal City Masters"]
[Site "Guelph CAN"]
[Date "2025.08.01"]
[Round "1.5"]
[White "Panjwani, Raja"]
[Black "Ling, Chenxuan"]
[Result "1-0"]
[WhiteElo "2423"]
[BlackElo "2222"]
[WhiteFideId "-1"]
[WhiteFideId "-1"]
[PlyCount "93"]
[GameId "2207610396212315"]
[EventDate "2025.08.01"]
[EventType "swiss"]
[EventRounds "9"]
[EventCountry "CAN"]

1. e4 e6 2. d3 d5 3. Qe2 c5 4. Nf3 Nc6 5. g3 Be7 6. Bg2 Nf6 7. O-O O-O 8. a4 Qc7 9. Bf4 Qb6 10. e5 Nd7 11. c3 Rd8 12. h4 Nf8 13. h5 f5 14. Na3 h6 15. Bh3 Nh7 16. Nh4 Bd7 17. Ng6 Bg5 18. Bc1 Bxc1 19. Raxc1 Nf8 20. Nh4 Ne7 21. f4 Bxa4 22. Rf2 Be8 23. g4 fxg4 24. Bxg4 Kh8 25. Kh2 Bf7 26. Rg1 Nd7 27. f5 Nxf5 28. Bxf5 exf5 29. Nxf5 Qe6 30. d4 Rg8 31. Nb5 Raf8 32. Nbd6 Be8 33. Rgf1 b6 34. Nxe8 Rxe8 35. Nd6 Nf6 36. Rg1 Ne4 37. Nxe4 dxe4 38. Qxe4 Rgf8 39. Rgf1 Rxf2+ 40. Rxf2 Rd8 41. d5 Qe8 42. e6 Qxh5+ 43. Kg1 Qg5+ 44. Kf1 Qe7 45. Rf7 Qd6 46. e7 Re8 47. Qf5 1-0

[Event "Royal City Masters"]
[Site "Guelph CAN"]
[Date "2025.08.01"]
[Round "1.6"]
[White "Kot, Emanuel"]
[Black "Atanasov, Anthony"]
[Result "0-1"]
[Annotator "hugh_"]
[WhiteElo "2166"]
[BlackElo "2411"]
[WhiteFideId "-1"]
[WhiteFideId "-1"]
[PlyCount "210"]
[GameId "2207841135650115"]
[EventDate "2025.08.01"]
[EventType "swiss"]
[EventRounds "9"]
[EventCountry "CAN"]

1. e4 c5 2. Nf3 Nc6 3. d4 cxd4 4. Nxd4 g6 5. c4 Nf6 6. Nc3 d6 7. Be2 Nxd4 8. Qxd4 Bg7 9. Be3 O-O 10. Qd2 a5 11. O-O a4 12. Bd4 Qa5 13. Rad1 Bd7 14. Qe3 Bc6 15. Nd5 Bxd5 16. exd5 Rfe8 17. Qa3 Nd7 18. Be3 Rec8 19. Rc1 Nc5 20. Rfe1 Bf6 21. Bf1 Ra6 22. Re2 Qd8 23. Rce1 Qd7 24. Bd2 Re8 25. Bc3 Raa8 26. Re3 Kg7 27. Rxe7 Rxe7 28. Bxf6+ Kxf6 29. Qc3+ Re5 30. f4 Rae8 31. b4 axb3 32. axb3 Qf5 33. fxe5+ Rxe5 34. b4 Nd7 35. c5 dxc5 36. bxc5 Ke7 37. d6+ Kf8 38. Rd1 Qg4 39. Re1 Qe6 40. Bc4 Qf6 41. Rd1 Rd5 42. Qe1 Rxd1 43. Qxd1 Qc3 44. Qf1 f5 45. Qe2 Ne5 46. h3 Qd4+ 47. Kh1 Qxc5 48. Qd2 Nxc4 49. d7 Nxd2 50. d8=Q+ Kf7 51. Qxd2 h5 52. Qd7+ Qe7 53. Qd5+ Kg7 54. Qd4+ Kh7 55. Qd5 Qe1+ 56. Kh2 Qe7 57. Kh1 Qc7 58. Qb5 Qc1+ 59. Kh2 Qf4+ 60. Kh1 Qc1+ 61. Kh2 Qc6 62. Qe5 Qd7 63. Qc5 b5 64. Qb4 Kg7 65. Qb2+ Kf7 66. Qb3+ Kf8 67. Kh1 Qc6 68. Qa3+ Kf7 69. Qa7+ Ke6 70. Qe3+ Kd7 71. Qd4+ Kc8 72. Qh8+ Kb7 73. Qg7+ Kb6 74. Qd4+ Kb7 75. Qg7+ Kb6 76. Qd4+ Ka5 77. Qa1+ Kb4 78. Qb2+ Kc4 79. Qa2+ Kd3 80. Qb3+ Kd2 81. Qb2+ Ke3 82. Qb3+ Kf4 83. Qb4+ Ke5 84. Qe1+ Kd5 85. Qd2+ Ke6 86. Qe3+ Kf7 87. Qa7+ Ke8 88. Qb8+ Kd7 89. Qa7+ Kc8 90. Qa3 Kb7 91. Qe7+ Qc7 92. Qa3 h4 93. Qb2 Qd7 94. Qb3 g5 95. Qf3+ Qc6 96. Qe3 Qe4 97. Qc5 Qb1+ 98. Kh2 Qd3 99. Kh1 Qd1+ 100. Kh2 Qd7 101. Kh1 g4 102. hxg4 fxg4 103. Qf2 Qe7 104. Qd4 Qe6 105. Qd1 Qf6 {(unreadable - 128 moves)} 0-1

[Event "Royal City Masters"]
[Site "Guelph CAN"]
[Date "2025.08.01"]
[Round "1.7"]
[White "Liang, Jason"]
[Black "Marchand, Calix"]
[Result "1-0"]
[WhiteElo "2409"]
[BlackElo "2160"]
[WhiteFideId "-1"]
[WhiteFideId "-1"]
[PlyCount "131"]
[GameId "2207858263635363"]
[EventDate "2025.08.01"]
[EventType "swiss"]
[EventRounds "9"]
[EventCountry "CAN"]

1. e4 c6 2. d4 d5 3. e5 Bf5 4. Nf3 e6 5. Be2 Nd7 6. O-O a5 7. Nc3 a4 8. a3 h6 9. Bd3 Ne7 10. Ne2 c5 11. dxc5 Bxd3 12. cxd3 Nxc5 13. Ned4 Qb6 14. Be3 Qa6 15. Qc2 Rc8 16. Rad1 g5 17. b4 axb3 18. Nxb3 Na4 19. Qd2 Bg7 20. Rc1 Nc6 21. d4 Nb6 22. Nc5 Qa8 23. Qb2 Nc4 24. Qxb7 Qxb7 25. Nxb7 O-O 26. Nd6 Nxd6 27. exd6 g4 28. d7 Rcd8 29. Rxc6 gxf3 30. Rc7 f5 31. Rb1 f4 32. Bd2 Rf7 33. Rbb7 Bxd4 34. Ba5 Kh7 35. Rc4 dxc4 36. Bxd8 c3 37. Ba5 c2 38. Bd2 e5 39. d8=Q Rxb7 40. gxf3 Rb1+ 41. Kg2 c1=Q 42. Bxc1 Rxc1 43. Qd7+ Kg6 44. h4 h5 45. Qe6+ Kg7 46. Qe7+ Kg8 47. Qg5+ Kf8 48. Qxh5 Ra1 49. Qf5+ Ke7 50. Qh7+ Kf6 51. h5 Ra2 52. Qg6+ Ke7 53. Qg7+ Kd6 54. Qf8+ Kc6 55. Qa8+ Kc5 56. Kh3 Ra1 57. Kg4 Rh1 58. Qf8+ Kc4 59. h6 Kd3 60. h7 e4 61. Qxf4 e3 62. Qe4+ Ke2 63. fxe3 Bxe3 64. Qc2+ Bd2 65. Qc4+ Ke1 66. Qd4 1-0

[Event "Royal City Masters"]
[Site "Guelph CAN"]
[Date "2025.08.01"]
[Round "1.8"]
[White "Terry, Joshua"]
[Black "Han, Johnathan"]
[Result "0-1"]
[WhiteElo "2155"]
[BlackElo "2402"]
[WhiteFideId "-1"]
[WhiteFideId "-1"]
[PlyCount "78"]
[GameId "2207861124048302"]
[EventDate "2025.08.01"]
[EventType "swiss"]
[EventRounds "9"]
[EventCountry "CAN"]

1. d4 Nf6 2. c4 g6 3. f3 e6 4. e4 c5 5. d5 d6 6. Bg5 Bg7 7. Qd2 exd5 8. cxd5 O-O 9. a4 Nbd7 10. Ne2 h6 11. Be3 Ne5 12. Na3 Nh5 13. h3 f5 14. f4 Nd7 15. exf5 gxf5 16. O-O-O Ndf6 17. Rg1 Re8 18. Nc4 b5 19. axb5 Rb8 20. Nc3 Ng3 21. Bd3 Nfe4 22. Nxe4 fxe4 23. Bc2 Rxb5 24. Qf2 Nf5 25. g4 Nxe3 26. Qxe3 Rb4 27. b3 a5 28. g5 h5 29. Rdf1 Bf5 30. Qe2 a4 31. bxa4 Qd7 32. g6 Qe7 33. Rg5 Qf6 34. Rxf5 Qa1+ 35. Kd2 Bc3+ 36. Ke3 Bd4+ 37. Kd2 e3+ 38. Nxe3 Bc3+ 39. Kd3 Rd4# 0-1

[Event "Royal City Masters"]
[Site "Guelph CAN"]
[Date "2025.08.01"]
[Round "1.9"]
[White "Song, Edward"]
[Black "Qian, Ashley"]
[Result "1-0"]
[WhiteElo "2395"]
[BlackElo "2134"]
[WhiteFideId "-1"]
[WhiteFideId "-1"]
[PlyCount "59"]
[GameId "2207879598310841"]
[EventDate "2025.08.01"]
[EventType "swiss"]
[EventRounds "9"]
[EventCountry "CAN"]

1. e4 c5 2. Nf3 d6 3. d4 cxd4 4. Nxd4 Nf6 5. Nc3 a6 6. h3 e6 7. g4 d5 8. exd5 Nxd5 9. Bd2 Be7 10. Bg2 Nxc3 11. Bxc3 O-O 12. Qe2 Bg5 13. h4 Bxh4 14. O-O-O Bg5+ 15. Kb1 Qc7 16. Qe4 h6 17. Nf3 Qf4 18. Nxg5 Qxg5 19. f4 Qg6 20. Qe2 f6 21. Be4 Qf7 22. g5 f5 23. gxh6 g6 24. h7+ Qxh7 25. Rxh7 Kxh7 26. Qh2+ Kg8 27. Qh8+ Kf7 28. Qg7+ Ke8 29. Bb4 Nd7 30. Qe7# 1-0

[Event "Royal City Masters"]
[Site "Guelph CAN"]
[Date "2025.08.01"]
[Round "1.10"]
[White "Ren, Jesse"]
[Black "Sai, Krishna GV"]
[Result "1/2-1/2"]
[WhiteElo "2114"]
[BlackElo "2390"]
[WhiteFideId "-1"]
[WhiteFideId "-1"]
[PlyCount "73"]
[GameId "2207883440833985"]
[EventDate "2025.08.01"]
[EventType "swiss"]
[EventRounds "9"]
[EventCountry "CAN"]

1. e4 e5 2. Nf3 Nc6 3. Bc4 Nf6 4. d3 a6 5. O-O Bc5 6. c3 d6 7. a4 O-O 8. Nbd2 Ba7 9. h3 Ne7 10. Bb3 Ng6 11. d4 b5 12. Re1 Bb7 13. Bc2 Re8 14. axb5 axb5 15. Bd3 d5 16. Bxb5 dxe4 17. Nxe5 Nxe5 18. Bxe8 Nxe8 19. Rxa7 Rxa7 20. dxe5 Ra5 21. Nc4 Rd5 22. Qg4 Rd3 23. Bg5 Qd5 24. Ne3 Qxe5 25. Qf5 Qxf5 26. Nxf5 Nd6 27. Nxd6 Rxd6 28. Bf4 Rd7 29. Ra1 f5 30. Ra5 g6 31. Rb5 c6 32. Rb6 Kf7 33. b4 Ke6 34. b5 Kd5 35. bxc6 Bxc6 36. c4+ Kc5 37. Be3+ 1/2-1/2

[Event "Royal City Masters"]
[Site "Guelph CAN"]
[Date "2025.08.01"]
[Round "1.11"]
[White "Plotkin, Mark"]
[Black "Yang, Larry"]
[Result "1-0"]
[WhiteElo "2361"]
[BlackElo "2108"]
[WhiteFideId "-1"]
[WhiteFideId "-1"]
[PlyCount "59"]
[GameId "2207900060092572"]
[EventDate "2025.08.01"]
[EventType "swiss"]
[EventRounds "9"]
[EventCountry "CAN"]

1. d4 Nf6 2. c4 g6 3. g3 Bg7 4. Bg2 d5 5. cxd5 Nxd5 6. e4 Nb6 7. Ne2 O-O 8. O-O Nc6 9. d5 Ne5 10. Nbc3 e6 11. f4 Nec4 12. b3 exd5 13. e5 Na5 14. Ba3 Re8 15. Nxd5 Nxd5 16. Qxd5 Qxd5 17. Bxd5 Bg4 18. Nc3 Rad8 19. Rac1 Nc6 20. Bc5 a5 21. a3 Ne7 22. Bxb7 Rb8 23. Bf3 Bxf3 24. Rxf3 Rxb3 25. Rd3 f6 26. Bxe7 Rxe7 27. Rd8+ Kf7 28. Nd5 Rd3 29. e6+ Rxe6 30. Rxc7+ 1-0

[Event "Royal City Masters"]
[Site "Guelph CAN"]
[Date "2025.08.01"]
[Round "1.12"]
[White "Woltery, Nicolai"]
[Black "Vettese, Nicholas"]
[Result "1-0"]
[WhiteElo "2084"]
[BlackElo "2352"]
[WhiteFideId "-1"]
[WhiteFideId "-1"]
[PlyCount "75"]
[GameId "2207902797994295"]
[EventDate "2025.08.01"]
[EventType "swiss"]
[EventRounds "9"]
[EventCountry "CAN"]

1. c4 e5 2. Nc3 Nf6 3. Nf3 e4 4. Nd4 Nc6 5. Nxc6 dxc6 6. e3 h5 7. Be2 h4 8. h3 Bf5 9. Qb3 Rb8 10. Qc2 Rh6 11. b3 Rg6 12. Bf1 Qd7 13. Bb2 b5 14. Ne2 bxc4 15. Qxc4 Bb4 16. O-O-O Be6 17. Qc2 Rg5 18. Kb1 Rc5 19. Nc3 Nd5 20. Bc4 Rxc4 21. bxc4 Nb6 22. Ka1 Nxc4 23. Rb1 Rb6 24. Nxe4 Ra6 25. Bxg7 Na3 26. Nf6+ Ke7 27. Qb2 Qd6 28. Ne4 Nc2+ 29. Qxc2 Qd3 30. Bf6+ Ke8 31. Rb2 Bxa2 32. Qxd3 Bc4+ 33. Ra2 Rxa2+ 34. Kb1 Bxd3+ 35. Kxa2 Bxe4 36. f3 Bd5+ 37. Kb2 Bxd2 38. Rd1 1-0

[Event "Royal City Masters"]
[Site "Guelph CAN"]
[Date "2025.08.01"]
[Round "1.14"]
[White "Gao, Heye"]
[Black "Fedorowicz, John"]
[Result "0-1"]
[WhiteElo "2068"]
[BlackElo "2321"]
[WhiteFideId "-1"]
[WhiteFideId "-1"]
[PlyCount "98"]
[GameId "2207934729025863"]
[EventDate "2025.08.01"]
[EventType "swiss"]
[EventRounds "9"]
[EventCountry "CAN"]

1. e4 c5 2. Nf3 d6 3. d4 cxd4 4. Nxd4 Nf6 5. Nc3 Nc6 6. f3 e5 7. Nb3 Be7 8. Be3 O-O 9. Qd2 a5 10. Bb5 Na7 11. Bxa7 Rxa7 12. O-O-O Be6 13. Qe3 Ra8 14. Kb1 Qc7 15. a4 Rfd8 16. Rhe1 Rac8 17. g4 d5 18. exd5 Nxd5 19. Nxd5 Rxd5 20. Rxd5 Bxd5 21. c4 Be6 22. Qxe5 Qd8 23. Nd4 Bf6 24. Qe2 Qxd4 25. Rc1 h6 26. h3 Rd8 27. Qc2 Qf4 28. Rd1 Qxf3 29. Rxd8+ Bxd8 30. Qh2 Qd1+ 31. Ka2 Bxc4+ 32. Bxc4 Qxa4+ 33. Kb1 Qxc4 34. Qe5 Qd3+ 35. Ka2 Qd7 36. Kb1 a4 37. Qe2 b5 38. Qc2 Be7 39. Qe4 Bf8 40. Qf3 b4 41. h4 b3 42. g5 hxg5 43. hxg5 g6 44. Qh1 Qd3+ 45. Ka1 a3 46. Qc1 axb2+ 47. Kxb2 Bg7+ 48. Ka3 b2+ 49. Ka2 bxc1=N# 0-1

[Event "Royal City Masters"]
[Site "Guelph CAN"]
[Date "2025.08.01"]
[Round "1.15"]
[White "Perez Rodriguez, Luis Manuel"]
[Black "Xu, Leon"]
[Result "1/2-1/2"]
[WhiteElo "2318"]
[BlackElo "2046"]
[WhiteFideId "-1"]
[WhiteFideId "-1"]
[PlyCount "43"]
[GameId "2207936658205007"]
[EventDate "2025.08.01"]
[EventType "swiss"]
[EventRounds "9"]
[EventCountry "CAN"]

1. e4 e6 2. d4 d5 3. e5 c5 4. c3 Nc6 5. Nf3 Bd7 6. Be2 f6 7. O-O fxe5 8. Nxe5 Nxe5 9. dxe5 Qc7 10. Re1 O-O-O 11. Bf1 Ne7 12. b4 Nc6 13. Qe2 cxb4 14. Bg5 Be7 15. Bxe7 Nxe7 16. cxb4 Kb8 17. Nd2 Qb6 18. a3 Ba4 19. Rac1 Rc8 20. Nf3 a6 21. Qd2 Nf5 22. Rxc8+ 1/2-1/2

[Event "Royal City Masters"]
[Site "Guelph CAN"]
[Date "2025.08.01"]
[Round "1.16"]
[White "Saine, Zachary"]
[Black "Jaferian, Koosha"]
[Result "1-0"]
[WhiteElo "2024"]
[BlackElo "2285"]
[WhiteFideId "-1"]
[WhiteFideId "-1"]
[PlyCount "81"]
[GameId "2207937496512855"]
[EventDate "2025.08.01"]
[EventType "swiss"]
[EventRounds "9"]
[EventCountry "CAN"]

1. e4 c6 2. Nf3 d5 3. d3 e6 4. Nbd2 Nf6 5. g3 b6 6. Qe2 Be7 7. Bg2 Ba6 8. e5 Nfd7 9. O-O Qc7 10. Re1 c5 11. c4 Bb7 12. h4 h6 13. a3 a5 14. Nb1 d4 15. h5 a4 16. Bf4 Nc6 17. Nbd2 Na5 18. Ne4 Bc6 19. Bh3 Qb7 20. Nfd2 O-O-O 21. Rab1 Rhg8 22. b4 axb3 23. Bg2 f5 24. exf6 gxf6 25. Bd6 Nf8 26. Bxe7 Qxe7 27. Nxb3 Nxb3 28. Rxb3 Kc7 29. Qd2 f5 30. Qf4+ e5 31. Qxf5 Nd7 32. Nd2 Rdf8 33. Qh3 Qf7 34. Re2 Ba4 35. Bd5 Qf6 36. Ne4 Qf3 37. Rbb2 Qxd3 38. Bxg8 Rxg8 39. Qe6 Bc6 40. Qd6+ Kb7 41. Qxd7+ 1-0

[Event "Royal City Masters"]
[Site "Guelph CAN"]
[Date "2025.08.01"]
[Round "1.17"]
[White "Plotkin, Victor"]
[Black "Wang, Nathan"]
[Result "1/2-1/2"]
[WhiteElo "2282"]
[BlackElo "1993"]
[WhiteFideId "-1"]
[WhiteFideId "-1"]
[PlyCount "70"]
[GameId "2207939573700959"]
[EventDate "2025.08.01"]
[EventType "swiss"]
[EventRounds "9"]
[EventCountry "CAN"]

1. Nf3 Nf6 2. d4 g6 3. Nbd2 d5 4. g3 Bg7 5. Bg2 c5 6. dxc5 Na6 7. Nb3 Nxc5 8. Nxc5 Qa5+ 9. c3 Qxc5 10. Be3 Qa5 11. Bd4 Bf5 12. O-O O-O 13. Qb3 Qa6 14. Rfd1 Be4 15. Bf1 Qc6 16. Be5 Nd7 17. Nd4 Qb6 18. Bxg7 Kxg7 19. Bh3 Nc5 20. Qxb6 axb6 21. f3 e5 22. fxe4 exd4 23. exd5 dxc3 24. bxc3 Ne4 25. c4 Nd6 26. Rdc1 Rfe8 27. Rc2 Re4 28. Rb2 Nxc4 29. Rb4 Nd2 30. Rxb6 Rxe2 31. Bg2 Nc4 32. Rxb7 Raxa2 33. Rxa2 Rxa2 34. Rc7 Ne3 35. Bf3 Rd2 1/2-1/2

[Event "Royal City Masters"]
[Site "Guelph CAN"]
[Date "2025.08.01"]
[Round "1.18"]
[White "Windram, James"]
[Black "Khaledi, Omid"]
[Result "0-1"]
[WhiteElo "1984"]
[BlackElo "2270"]
[WhiteFideId "-1"]
[WhiteFideId "-1"]
[PlyCount "78"]
[GameId "2207941598030183"]
[EventDate "2025.08.01"]
[EventType "swiss"]
[EventRounds "9"]
[EventCountry "CAN"]

1. e4 c5 2. Nc3 Nc6 3. Bb5 Nd4 4. Nf3 e6 5. O-O a6 6. Bd3 Nc6 7. b3 d6 8. Bb2 Nf6 9. Re1 Ng4 10. Bf1 Nge5 11. Nxe5 dxe5 12. a4 b6 13. Nb1 Bd6 14. Na3 O-O 15. Re3 Bb7 16. Rh3 g6 17. c3 Bc7 18. Nc2 Qe7 19. Qe1 Rad8 20. Rd1 Rd7 21. d4 Rfd8 22. Rhd3 exd4 23. cxd4 cxd4 24. Bxd4 Nxd4 25. Nxd4 Bd6 26. Nf3 Bc5 27. Ne5 Rxd3 28. Rxd3 Rxd3 29. Nxd3 Bd4 30. Qb4 Qd7 31. Qe1 a5 32. Kh1 Qc6 33. f3 Qc2 34. Qh4 e5 35. f4 Qd1 36. Ne1 Bc3 37. fxe5 Bxe1 38. Qf6 Bh4 39. Qf4 Ba6 0-1

[Event "Royal City Masters"]
[Site "Guelph CAN"]
[Date "2025.08.02"]
[Round "2.1"]
[White "Song, Edward"]
[Black "Kantans, Toms"]
[Result "1/2-1/2"]
[WhiteElo "2395"]
[BlackElo "2515"]
[WhiteFideId "-1"]
[WhiteFideId "-1"]
[PlyCount "125"]
[GameId "2202820953735168"]
[EventDate "2025.08.01"]
[EventType "swiss"]
[EventRounds "9"]
[EventCountry "CAN"]

1. e4 c5 2. Nf3 e6 3. d4 cxd4 4. Nxd4 Nc6 5. Bf4 d6 6. Nxc6 bxc6 7. Bd3 e5 8. Be3 Nf6 9. c4 Be7 10. Nc3 O-O 11. O-O a5 12. b3 Be6 13. Qe2 Qc7 14. Rac1 Qb7 15. h3 Nd7 16. Bc2 Rfd8 17. Rb1 h6 18. Rfd1 Nf8 19. Na4 Bg5 20. c5 Qb5 21. Bd3 Qb7 22. Bc2 Qb5 23. Bd3 Qb4 24. cxd6 Bxe3 25. Qxe3 Rxd6 26. Bf1 Rad8 27. Rxd6 Rxd6 28. Rc1 Rd4 29. Nc5 Bc8 30. Bc4 Ng6 31. Nd3 Qd6 32. Qf3 Qe7 33. Kh2 Rd6 34. Qe3 Kh7 35. Rc2 Rd4 36. Rd2 c5 37. Rc2 f5 38. exf5 Bxf5 39. Re2 Qd6 40. Nb2 Nf4 41. Re1 Re4 42. Qc1 Qd4 43. Re3 Bg6 44. Na4 Nh5 45. Bd3 Rxe3 46. Bxg6+ Kxg6 47. Qxe3 c4 48. Qxd4 exd4 49. bxc4 Kf6 50. Nc5 Nf4 51. g3 Ne2 52. Kg2 Ke5 53. Kf3 Nc1 54. a3 g6 55. h4 h5 56. Nb7 Nb3 57. Ke2 a4 58. f3 Nc1+ 59. Kd2 Nb3+ 60. Kd3 Nc1+ 61. Kd2 Nb3+ 62. Kd3 Nc1+ 63. Kd2 1/2-1/2

[Event "Royal City Masters"]
[Site "Guelph CAN"]
[Date "2025.08.02"]
[Round "2.2"]
[White "Sheng, Joshua"]
[Black "Plotkin, Mark"]
[Result "1-0"]
[WhiteElo "2480"]
[BlackElo "2361"]
[WhiteFideId "-1"]
[WhiteFideId "-1"]
[PlyCount "88"]
[GameId "2206420299935744"]
[EventDate "2025.08.01"]
[EventType "swiss"]
[EventRounds "9"]
[EventCountry "CAN"]

1. e4 g6 2. d4 Bg7 3. Nc3 d6 4. Be3 a6 5. h4 h5 6. Qd2 b5 7. a4 bxa4 8. Nh3 Nf6 9. f3 Nc6 10. Nxa4 O-O 11. Ng5 Rb8 12. c3 Na5 13. Ra3 Rb3 14. Rxb3 Nxb3 15. Qc2 Na5 16. Bd3 Nh7 17. O-O Nc6 18. b4 e5 19. d5 Ne7 20. c4 f5 21. c5 fxe4 22. fxe4 Rxf1+ 23. Bxf1 Bh6 24. Qf2 Nxg5 25. hxg5 Bf8 26. cxd6 cxd6 27. Nb6 Qc7 28. Qe2 Qc3 29. Qd2 Qa3 30. Nc4 Qb3 31. Qb2 Qd1 32. Qc1 Qg4 33. Qc2 Bd7 34. Qf2 Nc8 35. Nd2 Bb5 36. Bxb5 axb5 37. Qf6 Ne7 38. Qxd6 h4 39. Qxe5 h3 40. Qh2 Qe2 41. Qxh3 Qe1+ 42. Nf1 Qxb4 43. Qe6+ Kg7 44. Qf6+ Kg8 1-0

[Event "Royal City Masters"]
[Site "Guelph CAN"]
[Date "2025.08.02"]
[Round "2.3"]
[White "Fedorowicz, John"]
[Black "Preotu, Razvan"]
[Result "0-1"]
[WhiteElo "2321"]
[BlackElo "2478"]
[WhiteFideId "-1"]
[WhiteFideId "-1"]
[PlyCount "46"]
[GameId "2206420299948032"]
[EventDate "2025.08.01"]
[EventType "swiss"]
[EventRounds "9"]
[EventCountry "CAN"]

1. e4 c6 2. Nc3 d5 3. Nf3 dxe4 4. Nxe4 Nf6 5. Qe2 Nxe4 6. Qxe4 Be6 7. b3 Nd7 8. Bb2 Nf6 9. Qe2 Bf5 10. Ne5 h5 11. O-O-O e6 12. h3 Qa5 13. Kb1 Nd5 14. Nc4 Bxc2+ 15. Kxc2 Nb4+ 16. Kc1 Qxa2 17. Qf3 Be7 18. Qc3 O-O-O 19. Ba3 Qxa3+ 20. Nxa3 Na2+ 21. Kc2 Nxc3 22. dxc3 Rxd1 23. Kxd1 Bxa3 0-1

[Event "Royal City Masters"]
[Site "Guelph CAN"]
[Date "2025.08.02"]
[Round "2.5"]
[White "Khaledi, Omid"]
[Black "Panjwani, Raja"]
[Result "0-1"]
[WhiteElo "2270"]
[BlackElo "2423"]
[WhiteFideId "-1"]
[WhiteFideId "-1"]
[PlyCount "108"]
[GameId "2206420299948032"]
[EventDate "2025.08.01"]
[EventType "swiss"]
[EventRounds "9"]
[EventCountry "CAN"]

1. d4 Nf6 2. c4 g6 3. Nc3 Bg7 4. e4 d6 5. Nf3 O-O 6. Be2 a5 7. O-O Bg4 8. d5 Na6 9. Nd4 Bxe2 10. Ndxe2 Nc5 11. f3 c6 12. Be3 Nfd7 13. Rc1 a4 14. Nd4 Qb6 15. Qe2 Ne5 16. Rfd1 Rfc8 17. f4 Ned7 18. Bf2 Qb4 19. Be1 Qb6 20. Bf2 Qa6 21. Nf3 Nb6 22. Bxc5 dxc5 23. e5 Qxc4 24. Qxc4 Nxc4 25. dxc6 bxc6 26. Ne4 Nxb2 27. Rd7 Rd8 28. Rxe7 Nd3 29. Rf1 Nxf4 30. Nfg5 Nd5 31. Rexf7 Bxe5 32. Ne6 Re8 33. N4xc5 Ne3 34. R1f3 Nf5 35. Rd7 Rab8 36. g3 h5 37. Rfd3 Rb1+ 38. Kg2 Rb2+ 39. Kh3 Rxa2 40. Rd8 Rxd8 41. Rxd8+ Kf7 42. Ng5+ Ke7 43. Rd7+ Ke8 44. Ra7 a3 45. Ra8+ Ke7 46. Nge4 Nd4 47. Ra7+ Kd8 48. Rf7 Ke8 49. Rf1 Re2 50. Nc3 Rc2 51. N5e4 g5 52. Nxg5 Rxc3 53. Re1 Rc5 54. Ne4 Rc2 0-1